000 00210nam a2200109Ia 4500
100 _a#N/A
942 _cBK
654 _aieee
245 _aIEEE AP-S. Digital Archives 2003
260 _b#N/A
546 _aENGLISH
999 _c22742
_d22742